000 00284nam a22001337a 4500
008 181016b xxu||||| |||| 00| 0 eng d
020 _a9781878067173
041 _aeng
080 _a316
100 _a50
101 _aSOC
245 _aCloser to Home
_cWeise,E.R
942 _2udc
_cBK
999 _c49894
_d49894